系統名の数字の前につく文字【立川バス編】 - Statistics

General Stats
  • This quiz has been taken 25 times
  • The average score is 7 of 11
Answer Stats
略号 地名(駅名/施設名) % Correct
立川
100%
国立
95%
拝島
81%
福生
71%
玉川上水
67%
中神
67%
昭島
62%
羽村
57%
国分寺
52%
東中 東中神
19%
IHI IHI
14%
No matching quizzes found
Score Distribution
Percent of People with Each Score
Percentile by Number Answered
Your Score History
You have not taken this quiz